[Event "18. Obert Int. Sant Marti 2016"]
[Site "Barcelona ESP"]
[Date "2016.07.14"]
[Round "2.40"]
[White "Afshar, Niusha"]
[Black "Gomez Jurado, Luis Alberto"]
[Result "1/2-1/2"]
[WhiteElo "1971"]
[BlackElo "2244"]
[PlyCount "128"]
[EventDate "2016.07.13"]
[EventType "swiss"]
[EventRounds "9"]
[EventCountry "ESP"]
[SourceTitle "Ajedrez en Madrid"]
[Source "lmi"]
[SourceDate "2016.07.13"]
[SourceVersion "1"]
[SourceVersionDate "2019.06.21"]
[SourceQuality "1"]

1. e4 c6 2. d4 d5 3. Nc3 dxe4 4. Nxe4 Bf5 5. Ng3 Bg6 6. h4 h6 7. h5 Bh7 8. Nf3
Nd7 9. Bd3 Bxd3 10. Qxd3 e6 11. Bd2 Ngf6 12. O-O-O Be7 13. Qe2 O-O 14. Ne4 Nxe4
15. Qxe4 Nf6 16. Qe5 Qd5 17. Qxd5 cxd5 18. Ne5 Rfc8 19. f3 Rc7 20. g4 Rac8 21.
c3 b5 22. Kb1 a5 23. Rc1 Bd6 24. Nd3 Nd7 25. Bf4 Bxf4 26. Nxf4 Nb6 27. Nd3 Nc4
28. Rh2 f6 29. Re2 Kf7 30. Rce1 Re8 31. Nf4 Rce7 32. b3 Nb6 33. Nd3 Nd7 34. f4
Nb6 35. Nc5 Nc8 36. Kc2 Nd6 37. Kd3 f5 38. Re5 fxg4 39. Rg1 b4 40. c4 dxc4+ 41.
bxc4 a4 42. Rxg4 Ra7 43. Rg6 b3 44. axb3 axb3 45. Nxe6 Rxe6 46. Rexe6 b2 47.
Kc2 Rb7 48. Re1 Nxc4 49. Rg3 Nd2 50. Kxd2 b1=Q 51. Rxb1 Rxb1 52. d5 Rh1 53. Ke3
Rxh5 54. Ke4 Rh1 55. Rd3 Re1+ 56. Kf5 g6+ 57. Kg4 Rg1+ 58. Kh3 Ke7 59. d6+ Kd7
60. Kh4 Re1 61. Kg4 Re6 62. Rh3 h5+ 63. Kg5 Rxd6 64. f5 gxf5 1/2-1/2

[Event "18. Obert Int. Sant Marti 2016"]
[Site "Barcelona ESP"]
[Date "2016.07.14"]
[Round "2.41"]
[White "Brzezinski, Adam"]
[Black "Gaikwad, Siddhant"]
[Result "1/2-1/2"]
[WhiteElo "2208"]
[BlackElo "2003"]
[PlyCount "53"]
[EventDate "2016.07.13"]
[EventType "swiss"]
[EventRounds "9"]
[EventCountry "ESP"]
[SourceTitle "Ajedrez en Madrid"]
[Source "lmi"]
[SourceDate "2016.07.13"]
[SourceVersion "1"]
[SourceVersionDate "2019.06.21"]
[SourceQuality "1"]

1. e4 c5 2. Nf3 d6 3. Bb5+ Nd7 4. d4 a6 5. Bxd7+ Bxd7 6. dxc5 dxc5 7. Nc3 e6 8.
O-O Qc7 9. Qe2 Ne7 10. b3 Ng6 11. Bb2 Be7 12. Rfe1 O-O 13. e5 Bc6 14. Ne4 Rad8
15. Rad1 Rxd1 16. Rxd1 Rd8 17. Rxd8+ Qxd8 18. Ned2 Nf4 19. Qf1 Bg5 20. h4 Nh3+
21. Kh2 Bxd2 22. Kxh3 Bxf3 23. gxf3 Qd5 24. Qe2 h5 25. c4 Qd7 26. Qe4 Bh6 27.
Qe2 1/2-1/2

[Event "18. Obert Int. Sant Marti 2016"]
[Site "Barcelona ESP"]
[Date "2016.07.14"]
[Round "2.42"]
[White "Mendonca, Leon Luke"]
[Black "Garcia Ramos, Daniel"]
[Result "1/2-1/2"]
[WhiteElo "1964"]
[BlackElo "2195"]
[PlyCount "97"]
[EventDate "2016.07.13"]
[EventType "swiss"]
[EventRounds "9"]
[EventCountry "ESP"]
[SourceTitle "Ajedrez en Madrid"]
[Source "lmi"]
[SourceDate "2016.07.13"]
[SourceVersion "1"]
[SourceVersionDate "2019.06.21"]
[SourceQuality "1"]

1. Nf3 Nf6 2. g3 d5 3. Bg2 c5 4. b3 g6 5. Bb2 Bg7 6. O-O O-O 7. d3 Nc6 8. Nbd2
b6 9. Ne5 Nxe5 10. Bxe5 Bb7 11. Bb2 Qc7 12. Re1 Rad8 13. Qc1 d4 14. Bxb7 Qxb7
15. e4 dxe3 16. fxe3 Qd5 17. e4 Qh5 18. Nf1 Nd7 19. Bxg7 Kxg7 20. Qd1 Qxd1 21.
Rexd1 Ne5 22. Kg2 Rd4 23. Nd2 Rfd8 24. Nf3 Nxf3 25. Kxf3 b5 26. Ke3 f5 27. c3
R4d6 28. exf5 gxf5 29. a4 c4 30. axb5 Rxd3+ 31. Rxd3 Rxd3+ 32. Ke2 Rxc3 33.
bxc4 Rxc4 34. Rxa7 Kf6 35. Kf3 Rc3+ 36. Kf2 Rc2+ 37. Kg1 Rb2 38. Rb7 h6 39. Rb8
e5 40. b6 Kg7 41. b7 h5 42. Kf1 f4 43. gxf4 exf4 44. h4 f3 45. Ke1 Kh7 46. Rf8
Rxb7 47. Rxf3 Rb4 48. Kf2 Rxh4 49. Rg3 1/2-1/2

[Event "18. Obert Int. Sant Marti 2016"]
[Site "Barcelona ESP"]
[Date "2016.07.14"]
[Round "2.43"]
[White "Rakshitta, Ravi"]
[Black "Vassallo Barroche, Mauricio"]
[Result "0-1"]
[WhiteElo "1716"]
[BlackElo "2389"]
[PlyCount "58"]
[EventDate "2016.07.13"]
[EventType "swiss"]
[EventRounds "9"]
[EventCountry "ESP"]
[SourceTitle "Ajedrez en Madrid"]
[Source "lmi"]
[SourceDate "2016.07.13"]
[SourceVersion "1"]
[SourceVersionDate "2019.06.21"]
[SourceQuality "1"]

1. e4 d6 2. d4 Nf6 3. Nc3 e5 4. Nf3 exd4 5. Qxd4 Be7 6. Be3 Nc6 7. Bb5 O-O 8.
Bxc6 bxc6 9. O-O-O Ng4 10. h3 Nxe3 11. Qxe3 Re8 12. Nd4 Bd7 13. Qf3 Bf8 14. Kb1
Rb8 15. Rhe1 Qc8 16. Nb3 Qb7 17. e5 d5 18. Qf4 Be6 19. Qc1 c5 20. Ka1 a5 21. f4
a4 22. Nxa4 Qa7 23. Nc3 d4 24. Ne4 Ra8 25. a3 Reb8 26. Nbd2 c4 27. Ka2 Rxb2+
28. Qxb2 c3+ 29. Nb3 cxb2 0-1

[Event "18. Obert Int. Sant Marti 2016"]
[Site "Barcelona ESP"]
[Date "2016.07.14"]
[Round "2.44"]
[White "Hernando Rodrigo, Julio Antoni"]
[Black "Castillo Dalmau, Albert"]
[Result "1-0"]
[WhiteElo "2333"]
[BlackElo "1998"]
[PlyCount "39"]
[EventDate "2016.07.13"]
[EventType "swiss"]
[EventRounds "9"]
[EventCountry "ESP"]
[SourceTitle "Ajedrez en Madrid"]
[Source "lmi"]
[SourceDate "2016.07.13"]
[SourceVersion "1"]
[SourceVersionDate "2019.06.21"]
[SourceQuality "1"]

1. d4 Nf6 2. c4 e6 3. Nf3 b6 4. g3 Ba6 5. Qa4 c5 6. Bg2 Bb7 7. dxc5 Bxc5 8. O-O
O-O 9. Nc3 Be7 10. Rd1 Na6 11. Nd4 Nc5 12. Qc2 Bxg2 13. Kxg2 Qc7 14. f3 a6 15.
e4 Rac8 16. Be3 Nb7 17. Qf2 d6 18. Rac1 Rfd8 19. b4 Nd7 20. Nd5 1-0

[Event "18. Obert Int. Sant Marti 2016"]
[Site "Barcelona ESP"]
[Date "2016.07.14"]
[Round "2.45"]
[White "Likhit, Chilukuri"]
[Black "Hapala, Elisabeth"]
[Result "1-0"]
[WhiteElo "2030"]
[BlackElo "2222"]
[PlyCount "121"]
[EventDate "2016.07.13"]
[EventType "swiss"]
[EventRounds "9"]
[EventCountry "ESP"]
[SourceTitle "Ajedrez en Madrid"]
[Source "lmi"]
[SourceDate "2016.07.13"]
[SourceVersion "1"]
[SourceVersionDate "2019.06.21"]
[SourceQuality "1"]

1. e4 e5 2. Nf3 Nc6 3. Bb5 a6 4. Ba4 Nf6 5. O-O Be7 6. d3 b5 7. Bb3 d6 8. c3
O-O 9. Re1 Na5 10. Bc2 c5 11. Nbd2 Nc6 12. Nf1 Re8 13. Ng3 h6 14. h3 Be6 15. d4
cxd4 16. cxd4 exd4 17. Nxd4 Nxd4 18. Qxd4 Rc8 19. Bd3 d5 20. e5 Bc5 21. Qf4 Nd7
22. Nf5 Bxf5 23. Bxf5 Rc6 24. Bd2 Nf8 25. Rac1 Qb6 26. b4 Be7 27. Rxc6 Qxc6 28.
Rc1 Qb7 29. Qg4 Qb8 30. e6 Bf6 31. exf7+ Kxf7 32. Qf3 Rd8 33. Bf4 Be5 34. Qh5+
g6 35. Bxg6+ Nxg6 36. Rc6 Rg8 37. Qf5+ Ke8 38. Rxg6 Rxg6 39. Qxg6+ Ke7 40. Qh7+
Kf6 41. Qxh6+ Kf5 42. Qh5+ Kf6 43. Bxe5+ Qxe5 44. Qxe5+ Kxe5 45. Kf1 Kd4 46.
Ke2 Kc3 47. Kd1 Kxb4 48. h4 Ka3 49. h5 Kxa2 50. h6 b4 51. h7 b3 52. h8=Q b2 53.
Qb8 b1=Q+ 54. Qxb1+ Kxb1 55. f4 a5 56. f5 a4 57. f6 a3 58. f7 a2 59. f8=Q a1=Q
60. Qb4+ Ka2+ 61. Kc2 1-0

[Event "18. Obert Int. Sant Marti 2016"]
[Site "Barcelona ESP"]
[Date "2016.07.14"]
[Round "2.46"]
[White "Gautier, Anand"]
[Black "Magallanes, Gustavo"]
[Result "1-0"]
[WhiteElo "2186"]
[BlackElo "1989"]
[PlyCount "81"]
[EventDate "2016.07.13"]
[EventType "swiss"]
[EventRounds "9"]
[EventCountry "ESP"]
[SourceTitle "Ajedrez en Madrid"]
[Source "lmi"]
[SourceDate "2016.07.13"]
[SourceVersion "1"]
[SourceVersionDate "2019.06.21"]
[SourceQuality "1"]

1. e4 c5 2. Nf3 e6 3. d4 cxd4 4. Nxd4 Nc6 5. Nc3 Qc7 6. g3 a6 7. Bg2 Nf6 8. O-O
h5 9. Re1 Nxd4 10. Qxd4 Bc5 11. Bf4 d6 12. Qd2 Ng4 13. Nd1 a5 14. c3 a4 15. Ne3
Ne5 16. Red1 Bd7 17. Rac1 h4 18. b3 axb3 19. axb3 hxg3 20. hxg3 Ke7 21. Qe2 f6
22. Ng4 Ra3 23. b4 Bb6 24. c4 g5 25. Bxe5 fxe5 26. c5 dxc5 27. Qd2 Rg8 28. bxc5
Ba7 29. Qxd7+ Qxd7 30. Rxd7+ Kxd7 31. Nf6+ Kc6 32. Nxg8 Bxc5 33. Nf6 b5 34. Nd7
Kxd7 35. Rxc5 b4 36. Rxe5 b3 37. Rb5 Kc6 38. Bf1 g4 39. e5 Kc7 40. Bc4 Ra1+ 41.
Kg2 1-0

[Event "18. Obert Int. Sant Marti 2016"]
[Site "Barcelona ESP"]
[Date "2016.07.14"]
[Round "2.47"]
[White "Castrillo Mansego, Pablo"]
[Black "Rendboe, John"]
[Result "1-0"]
[WhiteElo "2003"]
[BlackElo "2183"]
[PlyCount "75"]
[EventDate "2016.07.13"]
[EventType "swiss"]
[EventRounds "9"]
[EventCountry "ESP"]
[SourceTitle "Ajedrez en Madrid"]
[Source "lmi"]
[SourceDate "2016.07.13"]
[SourceVersion "1"]
[SourceVersionDate "2019.06.21"]
[SourceQuality "1"]

1. e4 c5 2. f4 d5 3. exd5 Nf6 4. Bb5+ Bd7 5. Bxd7+ Qxd7 6. c4 e6 7. Qe2 Be7 8.
dxe6 Qxe6 9. Qxe6 fxe6 10. Nf3 Nc6 11. O-O O-O 12. Nc3 Bd6 13. d3 Nb4 14. a3
Nc2 15. Rb1 Rad8 16. Rf2 Nd4 17. Nxd4 cxd4 18. Ne2 Ng4 19. Rf3 e5 20. h3 Nh6
21. Bd2 Nf5 22. fxe5 Bxe5 23. Rbf1 g6 24. g4 Ne7 25. Rxf8+ Rxf8 26. Rxf8+ Kxf8
27. Bb4 Kf7 28. Bxe7 Kxe7 29. Kg2 b5 30. cxb5 Kd6 31. Kf3 Kc5 32. Ke4 Bf6 33.
b4+ Kxb5 34. Nxd4+ Ka4 35. Nc6 Kxa3 36. Kd5 Ka4 37. Kc4 a6 38. d4 1-0

[Event "18. Obert Int. Sant Marti 2016"]
[Site "Barcelona ESP"]
[Date "2016.07.14"]
[Round "2.48"]
[White "Mulay, Pratik"]
[Black "Chung, Mathilde"]
[Result "1/2-1/2"]
[WhiteElo "1983"]
[BlackElo "2169"]
[PlyCount "65"]
[EventDate "2016.07.13"]
[EventType "swiss"]
[EventRounds "9"]
[EventCountry "ESP"]
[SourceTitle "Ajedrez en Madrid"]
[Source "lmi"]
[SourceDate "2016.07.13"]
[SourceVersion "1"]
[SourceVersionDate "2019.06.21"]
[SourceQuality "1"]

1. d4 Nf6 2. Nf3 g6 3. Nc3 d5 4. Bf4 Bg7 5. e3 c6 6. Be2 Nbd7 7. Ne5 Ne4 8.
Nxe4 dxe4 9. h4 Nxe5 10. dxe5 Qa5+ 11. Qd2 Qxd2+ 12. Kxd2 Be6 13. c4 O-O-O+ 14.
Kc2 Rd7 15. Rad1 Rhd8 16. Rxd7 Rxd7 17. h5 g5 18. h6 Bh8 19. Bg3 f6 20. b3 fxe5
21. a4 c5 22. Bd1 Bf5 23. Be2 Rd6 24. Rh5 Bf6 25. Bxe5 Bxe5 26. Rxg5 e6 27. g4
Bf6 28. Rg8+ Rd8 29. Rxd8+ Bxd8 30. gxf5 exf5 31. f3 exf3 32. Bxf3 Bg5 33. Bd5
1/2-1/2

[Event "18. Obert Int. Sant Marti 2016"]
[Site "Barcelona ESP"]
[Date "2016.07.14"]
[Round "2.49"]
[White "Villar Reymundo, Juan Antonio"]
[Black "Fabregas Fontanet, Antonio"]
[Result "1/2-1/2"]
[WhiteElo "2165"]
[BlackElo "1969"]
[PlyCount "100"]
[EventDate "2016.07.13"]
[EventType "swiss"]
[EventRounds "9"]
[EventCountry "ESP"]
[SourceTitle "Ajedrez en Madrid"]
[Source "lmi"]
[SourceDate "2016.07.13"]
[SourceVersion "1"]
[SourceVersionDate "2019.06.21"]
[SourceQuality "1"]

1. d4 g6 2. c4 Bg7 3. g3 c5 4. d5 d6 5. Bg2 Nf6 6. Nc3 O-O 7. Nf3 a6 8. O-O Bd7
9. a4 Qc8 10. Re1 Bh3 11. Bh1 h6 12. Qc2 Nbd7 13. b3 Ng4 14. Bb2 f5 15. e3 Ndf6
16. Nh4 Qe8 17. Nd1 Qf7 18. f3 Ne5 19. Nf2 g5 20. Nxh3 gxh4 21. Bxe5 dxe5 22.
Qxf5 hxg3 23. hxg3 Kh8 24. Rad1 Qe8 25. Qc2 Rg8 26. Re2 e4 27. fxe4 Ng4 28. e5
Bxe5 29. Nf4 Nxe3 30. Rxe3 Bxf4 31. Qc3+ Rg7 32. Rf3 Qh5 33. Re1 Bd6 34. Bg2
Kg8 35. Ree3 Rg5 36. Qd2 Be5 37. Kf1 Rd8 38. Re4 Rd6 39. Qe2 Bf6 40. Rxe7 Rf5
41. Re8+ Kf7 42. Re6 Rxf3+ 43. Bxf3 Qh3+ 44. Qg2 Qf5 45. Rxd6 Qb1+ 46. Ke2 Qc2+
47. Kf1 Qb1+ 48. Ke2 Qc2+ 49. Kf1 Qb1+ 50. Ke2 Qc2+ 1/2-1/2

[Event "18. Obert Int. Sant Marti 2016"]
[Site "Barcelona ESP"]
[Date "2016.07.14"]
[Round "2.50"]
[White "Suasnabar, Jesus"]
[Black "Parnali, S Dharia"]
[Result "0-1"]
[WhiteElo "1982"]
[BlackElo "2161"]
[PlyCount "70"]
[EventDate "2016.07.13"]
[EventType "swiss"]
[EventRounds "9"]
[EventCountry "ESP"]
[SourceTitle "Ajedrez en Madrid"]
[Source "lmi"]
[SourceDate "2016.07.13"]
[SourceVersion "1"]
[SourceVersionDate "2019.06.21"]
[SourceQuality "1"]

1. d4 Nf6 2. Nf3 g6 3. c4 Bg7 4. Nc3 O-O 5. Bf4 d5 6. Rc1 c6 7. e3 Qa5 8. Be2
Be6 9. Qb3 Qb6 10. c5 Qxb3 11. axb3 Nbd7 12. h3 Ne4 13. Nxe4 dxe4 14. Nd2 Bd5
15. O-O e5 16. dxe5 Nxe5 17. Nc4 Bxc4 18. Bxc4 Rfd8 19. Rfd1 Nxc4 20. Rxd8+
Rxd8 21. Rxc4 Rd1+ 22. Kh2 f5 23. Ra4 a6 24. Bd6 Bxb2 25. Bf4 Bc3 26. Rc4 Rd3
27. Kg3 Kf7 28. h4 a5 29. Bc7 Bb4 30. Rd4 Rxd4 31. exd4 Ke6 32. Bf4 Kd5 33. h5
Kxd4 34. h6 Bxc5 35. Kh4 Be7+ 0-1

[Event "18. Obert Int. Sant Marti 2016"]
[Site "Barcelona ESP"]
[Date "2016.07.14"]
[Round "2.51"]
[White "Ferre Campos, Josep"]
[Black "Capellades Subirana, Marc"]
[Result "0-1"]
[WhiteElo "1970"]
[BlackElo "2153"]
[PlyCount "36"]
[EventDate "2016.07.13"]
[EventType "swiss"]
[EventRounds "9"]
[EventCountry "ESP"]
[SourceTitle "Ajedrez en Madrid"]
[Source "lmi"]
[SourceDate "2016.07.13"]
[SourceVersion "1"]
[SourceVersionDate "2019.06.21"]
[SourceQuality "1"]

1. e4 e5 2. Nf3 Nc6 3. Bb5 a6 4. Bxc6 dxc6 5. O-O Bg4 6. d3 h5 7. Nbd2 h4 8. h3
Bh5 9. Qe1 Qf6 10. Qe3 Be7 11. d4 exd4 12. Qxd4 Rd8 13. Qxf6 Bxf6 14. e5 Be7
15. Nc4 Bxf3 16. gxf3 Nh6 17. Na5 Rd5 18. Nxb7 Rb5 0-1

[Event "18. Obert Int. Sant Marti 2016"]
[Site "Barcelona ESP"]
[Date "2016.07.14"]
[Round "2.52"]
[White "Jayakumaar, S."]
[Black "Adeimi, Michel"]
[Result "0-1"]
[WhiteElo "2151"]
[BlackElo "1963"]
[PlyCount "158"]
[EventDate "2016.07.13"]
[EventType "swiss"]
[EventRounds "9"]
[EventCountry "ESP"]
[SourceTitle "Ajedrez en Madrid"]
[Source "lmi"]
[SourceDate "2016.07.13"]
[SourceVersion "1"]
[SourceVersionDate "2019.06.21"]
[SourceQuality "1"]

1. e4 c5 2. Nf3 e6 3. d4 cxd4 4. Nxd4 Nc6 5. Nc3 Nf6 6. Nxc6 bxc6 7. e5 Nd5 8.
Ne4 f5 9. exf6 Nxf6 10. Nd6+ Bxd6 11. Qxd6 Ba6 12. Bxa6 Qa5+ 13. Bd2 Qxa6 14.
Bb4 O-O-O 15. a3 e5 16. O-O-O Rhe8 17. Rhe1 Re6 18. Qc5 d5 19. Qe3 Qb7 20. Qh3
Qd7 21. f4 e4 22. f5 Re5 23. g4 d4 24. g5 Ne8 25. Qxh7 e3 26. Qg6 a5 27. Bf8
Qd5 28. Kb1 c5 29. Qa6+ Qb7 30. Qxa5 Rdd5 31. c4 Rd7 32. Bxc5 Qc6 33. b4 Rxf5
34. Qb6 Qa4 35. Rd3 Rf2 36. Rc1 Rd2 37. Qg6 Nc7 38. Qe4 Ne6 39. Bxd4 Nxd4 40.
Rxe3 Rd1 41. Qe8+ Kb7 42. Qxd7+ Qxd7 43. Rxd1 Qf5+ 44. Red3 Ne6 45. Kb2 Qxg5
46. R1d2 Qe5+ 47. Ka2 g5 48. a4 Nc7 49. Rb2 Qe4 50. Rc3 Kc6 51. a5 Qe1 52. Rbc2
Qd1 53. Rb2 Kb7 54. Rcb3 Qd4 55. Rc2 Na6 56. c5 Nc7 57. b5 Qa4+ 58. Kb2 Nxb5
59. c6+ Kc7 60. Rd3 Qxa5 61. Rd7+ Kc8 62. Rd3 Qb4+ 63. Kc1 Nd4 64. Rb2 Qe1+ 65.
Rd1 Qe3+ 66. Kb1 Kc7 67. Rb7+ Kxc6 68. Rb2 Kc5 69. Rc1+ Kd5 70. Rd1 Ke4 71. Rb4
g4 72. Rb2 Kf5 73. Rdd2 Kg5 74. Rg2 Qd3+ 75. Ka2 Kh4 76. Rg3 Qc4+ 77. Kb1 Ne2
78. Rgb3 Nc3+ 79. Kc1 Na4+ 0-1

[Event "18. Obert Int. Sant Marti 2016"]
[Site "Barcelona ESP"]
[Date "2016.07.14"]
[Round "2.53"]
[White "Kakumanu, Kautil"]
[Black "Snehal, Bhosale"]
[Result "1-0"]
[WhiteElo "1956"]
[BlackElo "2150"]
[PlyCount "47"]
[EventDate "2016.07.13"]
[EventType "swiss"]
[EventRounds "9"]
[EventCountry "ESP"]
[SourceTitle "Ajedrez en Madrid"]
[Source "lmi"]
[SourceDate "2016.07.13"]
[SourceVersion "1"]
[SourceVersionDate "2019.06.21"]
[SourceQuality "1"]

1. e4 e5 2. Nf3 Nc6 3. Bb5 a6 4. Ba4 Nf6 5. O-O Be7 6. d3 b5 7. Bb3 Bb7 8. a4
b4 9. Nbd2 O-O 10. Re1 d6 11. a5 Nd7 12. Nf1 Nc5 13. Bc4 Bf6 14. Ne3 Bc8 15.
Nd5 Bg4 16. c3 Rb8 17. Be3 Be7 18. Bxc5 dxc5 19. Ne3 Bc8 20. Bd5 Nxa5 21. Nxe5
c6 22. Rxa5 Bb7 23. Bxf7+ Kh8 24. Qh5 1-0

[Event "18. Obert Int. Sant Marti 2016"]
[Site "Barcelona ESP"]
[Date "2016.07.14"]
[Round "2.54"]
[White "Niraj, Saripalli"]
[Black "Vargas Drechsler, Carlos"]
[Result "1-0"]
[WhiteElo "2140"]
[BlackElo "1943"]
[PlyCount "63"]
[EventDate "2016.07.13"]
[EventType "swiss"]
[EventRounds "9"]
[EventCountry "ESP"]
[SourceTitle "Ajedrez en Madrid"]
[Source "lmi"]
[SourceDate "2016.07.13"]
[SourceVersion "1"]
[SourceVersionDate "2019.06.21"]
[SourceQuality "1"]

1. d4 f5 2. Bg5 h6 3. Bh4 g5 4. e3 Nf6 5. Bg3 d6 6. Nd2 Nc6 7. h4 g4 8. c3 Be6
9. Bd3 Qd7 10. Qc2 O-O-O 11. Ne2 Nh5 12. a3 Bg7 13. c4 d5 14. c5 Rdf8 15. Bf4
Bg8 16. Bb5 a6 17. Ba4 Bh7 18. g3 Nxf4 19. exf4 Qe6 20. Bxc6 Qxc6 21. O-O Qg6
22. Qd3 Rhg8 23. b4 Qh5 24. c6 Rf6 25. cxb7+ Kxb7 26. Nb3 Qe8 27. a4 Rb6 28.
Nc5+ Ka7 29. Nc3 Qc6 30. b5 Qf6 31. a5 Rd6 32. b6+ 1-0

[Event "18. Obert Int. Sant Marti 2016"]
[Site "Barcelona ESP"]
[Date "2016.07.14"]
[Round "2.55"]
[White "Bernat, Ernest"]
[Black "Harikrishnan.A.Ra"]
[Result "0-1"]
[WhiteElo "1942"]
[BlackElo "2138"]
[PlyCount "62"]
[EventDate "2016.07.13"]
[EventType "swiss"]
[EventRounds "9"]
[EventCountry "ESP"]
[SourceTitle "Ajedrez en Madrid"]
[Source "lmi"]
[SourceDate "2016.07.13"]
[SourceVersion "1"]
[SourceVersionDate "2019.06.21"]
[SourceQuality "1"]

1. e4 e6 2. Nf3 d5 3. exd5 exd5 4. d4 Bd6 5. Bd3 Nc6 6. c3 Nge7 7. Bg5 f6 8.
Bh4 O-O 9. Qc2 g6 10. Nbd2 Bf5 11. O-O-O Rb8 12. Bg3 b5 13. Bxd6 Qxd6 14. Bxf5
Nxf5 15. g4 Ng7 16. h4 b4 17. c4 b3 18. axb3 Nb4 19. Qb1 Ne6 20. Rde1 dxc4 21.
bxc4 Nxd4 22. Nxd4 Qxd4 23. Re3 Rfd8 24. Rd1 Nd3+ 25. Rxd3 Qxd3 26. Qxd3 Rxd3
27. f3 Rbd8 28. Kc2 c5 29. b3 Kf7 30. Kc1 Rc3+ 31. Kb2 Rxf3 0-1

[Event "18. Obert Int. Sant Marti 2016"]
[Site "Barcelona ESP"]
[Date "2016.07.14"]
[Round "2.56"]
[White "Valls Marti, Artur"]
[Black "Tahay, Romain"]
[Result "1-0"]
[WhiteElo "2133"]
[BlackElo "1942"]
[PlyCount "73"]
[EventDate "2016.07.13"]
[EventType "swiss"]
[EventRounds "9"]
[EventCountry "ESP"]
[SourceTitle "Ajedrez en Madrid"]
[Source "lmi"]
[SourceDate "2016.07.13"]
[SourceVersion "1"]
[SourceVersionDate "2019.06.21"]
[SourceQuality "1"]

1. e4 c5 2. Nf3 Nc6 3. d4 cxd4 4. Nxd4 Nf6 5. Nc3 d6 6. Bg5 e6 7. Qd2 a6 8. f4
h6 9. Bxf6 Qxf6 10. Nb3 Bd7 11. O-O-O O-O-O 12. Kb1 g5 13. g3 Rg8 14. Qf2 gxf4
15. gxf4 Rg4 16. Qb6 Qe7 17. Bxa6 Be8 18. Be2 Rxf4 19. Qe3 Rh4 20. Nb5 Ne5 21.
Rd4 Bxb5 22. Bxb5 Qg5 23. Qc3+ Kb8 24. Qa5 Be7 25. Ra4 Qe3 26. Re1 Qf2 27. Re2
Qg1+ 28. Nc1 Bg5 29. Re1 Qf2 30. Nd3 Nxd3 31. cxd3 Rxh2 32. Qa8+ Kc7 33. Rc1+
Bxc1 34. Qa5+ Kc8 35. Rc4+ Qc5 36. Rxc1 Rg8 37. Qa8+ 1-0

[Event "18. Obert Int. Sant Marti 2016"]
[Site "Barcelona ESP"]
[Date "2016.07.14"]
[Round "2.57"]
[White "Nepveu, Manuel"]
[Black "Fernandez Aguilar, Francisco"]
[Result "1/2-1/2"]
[WhiteElo "1910"]
[BlackElo "2114"]
[PlyCount "122"]
[EventDate "2016.07.13"]
[EventType "swiss"]
[EventRounds "9"]
[EventCountry "ESP"]
[SourceTitle "Ajedrez en Madrid"]
[Source "lmi"]
[SourceDate "2016.07.13"]
[SourceVersion "1"]
[SourceVersionDate "2019.06.21"]
[SourceQuality "1"]

1. d4 d5 2. Nf3 Nf6 3. c4 c6 4. e3 Bf5 5. Nc3 e6 6. Qb3 Qb6 7. Qxb6 axb6 8.
cxd5 exd5 9. Be2 Nbd7 10. O-O b5 11. Nh4 Bc2 12. Bd1 Bxd1 13. Rxd1 g6 14. Nf3
Bd6 15. Ne2 O-O 16. Ng3 Ra6 17. a3 b4 18. Rb1 bxa3 19. bxa3 b5 20. Rb3 Nb6 21.
Ne5 Bxe5 22. dxe5 Nfd7 23. f4 Nc4 24. Rc3 Rfa8 25. e4 Ndb6 26. Kf2 Kf8 27. Kf3
Rd8 28. exd5 Nxd5 29. Rcd3 Rda8 30. Ne4 Nxa3 31. Nc5 R6a7 32. Nd7+ Rxd7 33.
Bxa3+ Ke8 34. Bd6 Ra4 35. g3 Ra2 36. Rc1 Rxd6 37. exd6 Kd7 38. h4 Kxd6 39. h5
b4 40. hxg6 hxg6 41. Kg4 Ra5 42. f5 gxf5+ 43. Kxf5 Rc5 44. Rcd1 Rc4 45. Ra1 Rc3
46. Rad1 Rxd3 47. Rxd3 Kc5 48. Ke5 Kc4 49. Rd1 b3 50. Rf1 b2 51. Rb1 Kb3 52.
Kd6 Nb4 53. Kc5 f5 54. Rxb2+ Kxb2 55. Kxb4 Kc2 56. Kc5 Kd3 57. Kxc6 Ke4 58. Kd6
Kf3 59. Ke5 Kg4 60. Ke6 f4 61. gxf4 Kxf4 1/2-1/2

[Event "18. Obert Int. Sant Marti 2016"]
[Site "Barcelona ESP"]
[Date "2016.07.14"]
[Round "2.58"]
[White "Martin Perez, Laura"]
[Black "Sapale, Saloni"]
[Result "1-0"]
[WhiteElo "2104"]
[BlackElo "1929"]
[PlyCount "145"]
[EventDate "2016.07.13"]
[EventType "swiss"]
[EventRounds "9"]
[EventCountry "ESP"]
[SourceTitle "Ajedrez en Madrid"]
[Source "lmi"]
[SourceDate "2016.07.13"]
[SourceVersion "1"]
[SourceVersionDate "2019.06.21"]
[SourceQuality "1"]

1. c4 c6 2. b3 d5 3. Bb2 Bf5 4. Nf3 e6 5. g3 h6 6. Bg2 Nf6 7. O-O Nbd7 8. d3
Be7 9. Nbd2 O-O 10. Re1 Bh7 11. Ne5 Qc7 12. d4 Rad8 13. Nd3 Rfe8 14. Rc1 Qb8
15. Nf3 Be4 16. c5 Rc8 17. b4 b5 18. a4 Bd8 19. Bc3 a6 20. Ra1 Qb7 21. Ra3 Bc7
22. Qa1 Ra8 23. Qa2 Bxd3 24. exd3 bxa4 25. Rxa4 Qb5 26. Bf1 Ra7 27. Ne5 Nb8 28.
f4 Bd8 29. Ra1 Nfd7 30. Qe2 Nf8 31. Qh5 Rae7 32. g4 f6 33. Nf3 g6 34. Qh3 Bc7
35. Bd2 Rh7 36. R4a2 Ree7 37. Re1 Qb7 38. f5 g5 39. Qh5 Qc8 40. Bh3 Kg7 41. Bc3
Rh8 42. Rae2 Bf4 43. Nd2 Qd7 44. Nf1 Qc8 45. Bg2 Qd7 46. Qh3 Rh7 47. Ng3 Bxg3
48. Qxg3 Qc8 49. Re3 Qe8 50. R1e2 Kg8 51. Qe1 Rhg7 52. Bd2 Kh7 53. fxe6 Rg6 54.
Qf2 Kg7 55. Qf5 Qc8 56. Be1 Qe8 57. Bg3 Rb7 58. Be1 Re7 59. h4 gxh4 60. Bxh4
Nh7 61. Bg3 Nf8 62. Bd6 Rb7 63. Qf4 Nh7 64. Qf5 Nf8 65. Qf4 Nh7 66. Bc7 Nf8 67.
Kh2 Kh7 68. Qd6 Kg7 69. Bf3 Nh7 70. e7 Ng5 71. Qd8 Kf7 72. Kg2 Rg8 73. Bxd5+
1-0

[Event "18. Obert Int. Sant Marti 2016"]
[Site "Barcelona ESP"]
[Date "2016.07.14"]
[Round "2.59"]
[White "Ginesta Caballero, Olga Lucia"]
[Black "Vives Bellber, Tomas"]
[Result "1/2-1/2"]
[WhiteElo "2088"]
[BlackElo "1898"]
[PlyCount "94"]
[EventDate "2016.07.13"]
[EventType "swiss"]
[EventRounds "9"]
[EventCountry "ESP"]
[SourceTitle "Ajedrez en Madrid"]
[Source "lmi"]
[SourceDate "2016.07.13"]
[SourceVersion "1"]
[SourceVersionDate "2019.06.21"]
[SourceQuality "1"]

1. e4 d6 2. d4 Nf6 3. Nc3 g6 4. h3 Bg7 5. Nf3 O-O 6. Be3 c6 7. Bd3 Nbd7 8. Qd2
Re8 9. O-O Qc7 10. Rfe1 e5 11. dxe5 dxe5 12. Rad1 b5 13. a3 a5 14. Ng5 h6 15.
Nf3 Kh7 16. Ne2 Nf8 17. Ng3 Rb8 18. b4 a4 19. c4 Be6 20. Qe2 Bd7 21. Rc1 Qb7
22. cxb5 cxb5 23. Rc2 Bc6 24. Rec1 Bxe4 25. Nxe4 Nxe4 26. Rc7 Qd5 27. Ba7 Nxf2
28. Bxf2 e4 29. Bxe4 Rxe4 30. Qc2 Kg8 31. Rd1 Qb3 32. Qxe4 Qxd1+ 33. Kh2 Ne6
34. Rc6 Qd7 35. Rc2 Rc8 36. Rd2 Qc6 37. Qxc6 Rxc6 38. Rd5 Rc3 39. Rxb5 Rxa3 40.
Ra5 Ra1 41. b5 a3 42. b6 a2 43. b7 Rb1 44. Rxa2 Rxb7 45. Bg3 Kh7 46. Re2 Kg8
47. Be5 Bxe5+ 1/2-1/2